000 00673nam a2200157 a 4500
001 000029225
005 20200930055417.0
008 110414s1970 dr 000 0 spa d
040 _aDO-SdBNP
_bspa
_cBNPHU
082 _axxx
_bH519c
100 1 _aHenríquez García, Enrique
_956122
245 1 0 _aCartas del presidente Francisco Henríquez y Calvajal :
_bComisión Nacionalista del Exterior, 1919-20-21, por una patria absolutamente libre, independiente soberana. Rectificaciones históricas a Sumner Welles i a Melvin M. Knight /
_cEnrique Henríquez García.
260 _aSanto Domingo de Guzmán
_aImprenta Sánchez,
_c1970.
300 _a71 p. ;
_c22 cm.
049 _aBNPD
999 _c28717
_d28717